Capitaines de vaisseau de fiction - Statistiques

Statistiques générales
  • Ce quiz a été pris 17 fois
  • Le résultat moyen est 12 sur 30
Statistiques - réponses
Capitaine Univers % Correct
Capitaine Crochet Peter Pan
100%
Han Solo Star Wars
100%
Capitaine Curtis Flam Newton Capitaine Flam
94%
Monkey D.Luffy One Piece
94%
Chevalier François de Haddock Tintin
94%
Hector Barbossa Pirates des Caraibes
81%
Jean-Luc Picard Star Trek
81%
Ellen Ripley Alien
75%
Actarus Goldorak
75%
Ginyu Dragon Ball Z
63%
Capitaine Nemo Vingt Mille Lieues sous les Mers
56%
Edward Kenway Assassin's Creed
44%
Commandant Shepard Mass Effect
38%
Harmonie Super Mario Galaxy
38%
Capitaine Achab Moby Dick
31%
Killian Jones Once upon a time
31%
Lee Adama Battlestar Galactica
25%
Barbe Rouge Astérix
19%
M.Marco Pokémon
13%
Linebeck The Legend of Zelda
13%
Ryusui Nanami Dr.Stone
6%
Turanga Leela Futurama
6%
Capitaine Amélia La Planète au trésor
6%
Bec Jaune Picsou
6%
Capitaine Flameheart Sea of Thieves
6%
Jet Black Cowboy Bebop
0%
Captain Iglo Iglo
0%
Drinian Le Monde de Narnia
0%
Jason Grace Les Héros de l'Olympe
0%
Stan Pines Souvenirs de Gravity Falls
0%
Aucun quiz correspondant
Distribution des résultats
% des personnes avec chaque résultat
Percentile par nombre de réponses
Votre historique - résultats
Vous n’avez pas pris ce quiz